000 00247nam a22001217a 4500
003 SGT
082 _a823
_bALB
100 _aALBOM MITEN
245 _aTUESDAY'S WITH MORRIE
260 _aU.K
_bSPHERE PUB
_c2017
300 _a201
942 _2ddc
_cBK
999 _c33464
_d33464